| 000 | 00778nam a2200265Ia 4500 | ||
|---|---|---|---|
| 003 | OSt | ||
| 005 | 20220926031811.0 | ||
| 006 | a|||||r|||| 00| 0 | ||
| 007 | ta | ||
| 008 | 220923b |||||||| |||| 00| 0 eng d | ||
| 037 | _cGeneral Book | ||
| 040 |
_aRTL _cRTL _beng |
||
| 041 |
_2eng _aeng |
||
| 082 | _aY72.2.N7, L2;P2 | ||
| 100 |
_aSingh K Suresh Ed. _9336334 |
||
| 245 | 0 | _aTribal situation in India | |
| 250 | _a2nd | ||
| 260 |
_aShimla _bIndian Institute of Advanced Study _c2002 |
||
| 300 |
_axxvi,610p _ccm. |
||
| 490 | _aIndian Institute of Advanced Studies | ||
| 500 | _aBibiliogarphy P 607-08; Appendix P 591-605 | ||
| 650 |
_aTribes _940733 |
||
| 942 |
_hY72.2.N7, L2;P2 _cGB _2CC |
||
| 999 |
_c653160 _d653160 |
||